000 00938nam a22002537a 4500
005 20170124103103.0
010 _aA-0952054
020 _c50.00
035 _aA-0952054
037 _bCen Lib/Ret
040 _aDPL
_bHN
082 _a821
_bसागर
100 _aसागर, एन.आर.
_973
245 _aआजाद हैं हम /
_cएन.आर. सागर
246 _aAzad hain hum /
_bby N.R. Sagar
260 _aदिल्ली
_bसंगीता प्रकाशन
_c1996
270 _a30/64, गली-8, विश्वास नगर
_bदिल्ली
_e110032
300 _a55पृ.
_c21सेमी (सजिल्द)
650 _aसाहित्य--कविता
_977621
650 _aहिन्दी कविताएं
_977622
650 _aLiterature--Poems
_977623
650 _aHindi poems
_977624
942 _2ddc
_cHN
_h821
_mसागर
999 _c117944
_d117944